Представление документа в формате MARC21

ПолеНазваниеЗначение
  Тип записи a
  Библиографический уровень m
001 Контрольный номер RU\infra-m\znanium\bibl\2225874
005 Дата корректировки 20260429142222.2
008 Кодируемые данные 250911s2025 RU g rus u
020 Индекс ISBN __
a ISBN 978-5-9729-2641-1
040 Источник каталогиз. __
a Служба первич. каталог. Общество с ограниченной ответственностью «ЗНАНИУМ»
041 Код языка издания __
a Код языка текста rus
044 Код страны публикации __
a Код страны публикации RU
080 Индекс УДК __
a Индекс УДК 528
080 Индекс УДК __
a Индекс УДК 696
084 Индекс другой классификации/Индекс ББК __
2 Источник индекса rubbk
a Индекс другой классификации/Индекс ББК 261
084 Индекс другой классификации/Индекс ББК __
2 Источник индекса rubbk
a Индекс другой классификации/Индекс ББК 382
084 Индекс другой классификации/Индекс ББК __
2 Источник индекса okso
a Индекс другой классификации/Индекс ББК 08.03.01
084 Индекс другой классификации/Индекс ББК __
2 Источник индекса okso
a Индекс другой классификации/Индекс ББК 08.05.01
100 Автор __
a Автор Виноградов А.В.
q Полное имя Виноградов Аркадий Васильевич
245 Заглавие __
a Заглавие Применение современных электронных тахеометров в топографических, строительных и кадастровых работах
b Продолж. заглавия Учебное пособие
250 Сведения об издании __
a Основные сведения об издании 2
260 Выходные данные __
a Место издания Вологда
b Издательство Инфра-Инженерия
c Дата издания 2025
300 Физическое описание __
a Объем 172 с.
520 Аннотация __
a Аннотация Даны основные сведения об устройстве электронных тахеометров Nikon Nivo5с и Trimble M и способах проведения ими измерений при различных видах геодезических работ. Рассмотрен порядок выноса проектных данных на местность приведены основные нормативные требования к выполнению геодезических работ. Освещены типовые способы оценки точности геодезических измерений. Для бакалавров и магистров при изучении дисциплин требующих использования электронных тахеометров а также инженерно-технических работников проектных строительных изыскательских организаций специалистов Росреестра и экспертов строительного надзора.
521 Примеч. о цел. назн. __
a Примеч. о целев. назн. ВО - Бакалавриат
650 Тематические рубрики __
a Основная рубрика Науки о Земле. Экология
x Основная подрубрика Инженерная геодезия
655 Указ. предметных рубрик (устаревшее) __
a Жанр/ форма (устаревшее) Учебное пособие
700 Другие авторы __
a Другие авторы Войтенко А.В.
q Полное имя Войтенко Андрей Владимирович
856 Электронный адрес документа 4_
a Имя сервера/домена znanium.ru
m Помощь ebs_support@infra-m.ru
n Местонахождение сервера НИЦ ИНФРА-М
u URL https://znanium.ru/catalog/document?id=469490
856 Электронный адрес документа 48
a Имя сервера/домена znanium.ru
d Путь /cover/2225
f Электронное имя 2225874.jpg
q Тип электронного формата image/jpeg
u URL https://znanium.ru/cover/2225/2225874.jpg
911 __
u 0030=https://znanium.ru/catalog/document?id=469490